00362 a2200109 4500001001000000005001700010008004100027245008800068100002000156773005900176999001700235ART_5150920260410161843.0260409a 10aLas sanciones en el régimen de faltas municipales de la Provincia de Buenos Aires1 aTulia, Mauro A.0 tRAPg- Año 42, N° 502/503 (jul./ago. 2020)wREV5941 c24314d24314